000 00377nam a2200145Ia 4500
008 230917s9999||||xx |||||||||||||| ||und||
040 _e174771
_aMAIN
041 _aEnglish
082 _a658.4092 M227L
100 _aMcManus, John
245 0 _aLeadership: Project and human capital management
260 _aNew Delhi
_bElsevier
_c2007
300 _axi, 196 p.
942 _cBK
999 _c153732
_d153732